000 02030nam2a2200289 4500
001 RU\NLR\bibl\1506645
005 20260405175454.0
010 _a978-5-7133-1300-5
_91500
035 _a(NLR Aleph) 001498064
090 _a1789486
_c1789486
100 _a20091102d2007 |||y0rusy50 ca
101 0 _arus
102 _aRU
105 _aa |||||||||
200 1 _aКурс международного права
_fД. Каченовский
210 _aМосква
_cМеждународные отношения
_d2007
215 _a365, [1] с.
_cпортр.
_d22
320 _aБиблиогр. в подстроч. прим.
423 0 _12001#$aМеждународное право$fМ. Капустин
_1210##$aМосква$d2007
_1215##$aС.: 167-247
_1700#1$3RU\NLR\auth\77122704$aКапустин$bМ. Н.$f1828-1899$gМихаил Николаевич$4070
_tМеждународное право
_aКапустин, Михаил Николаевич (1828-1899)
423 0 _12001#$aЛекции по международному праву$fН. Коркунов
_1210##$aМосква$d2007
_1215##$aС.: 249-365
_1700#1$aКоркунов$bН. М.$f1853-1904$gНиколай Михайлович$4070
_tЛекции по международному праву
_aКоркунов, Николай Михайлович (1853-1904)
461 0 _1001RU\NLR\bibl\1458215
_12001#$aЗолотой фонд российской науки международного права$vТ. 1
_91517038
_cМосква
_d2009
_fРос. акад. правосудия, Рос. ассоц. междунар. права
_nМеждународные отношения
_o[антология]
_tЗолотой фонд российской науки международного права
_vТ. 1
701 1 _4070
_8rus
_7ca
_aКаченовский
_bД. И.
_f1827-1872
_gДмитрий Иванович
_3RU\NLR\auth\7776537
_959465
801 0 _aRU
_bNLR
_c20091102
_gRCR
801 1 _aRU
_bNLR
_c20091102
942 _cBOOK
980 _aNB